LIBRARY ONLINE CATALOGUE

A Guide to information searching for students and full time researchers. (Record no. 389)

MARC details
000 -LEADER
fixed length control field 00674cam a22002172 4500
001 - CONTROL NUMBER
control field 0000002118
005 - DATE AND TIME OF LATEST TRANSACTION
control field 20151021151056.0
008 - FIXED-LENGTH DATA ELEMENTS--GENERAL INFORMATION
fixed length control field 070402s xx 000 0 eng d
020 ## - INTERNATIONAL STANDARD BOOK NUMBER
International Standard Book Number 9966776036 :
Terms of availability KES 250
040 ## - CATALOGING SOURCE
Original cataloging agency KABU
Transcribing agency KABU
050 #0 - LIBRARY OF CONGRESS CALL NUMBER
Classification number ZA3060
Item number .A26
100 1# - MAIN ENTRY--PERSONAL NAME
Personal name Abonyo, Jayne.
-- 0000159639
245 12 - TITLE STATEMENT
Title A Guide to information searching for students and full time researchers.
260 ## - PUBLICATION, DISTRIBUTION, ETC. (IMPRINT)
Place of publication, distribution, etc. Nairobi :
Name of publisher, distributor, etc. Downtown,
Date of publication, distribution, etc. 2006.
300 ## - PHYSICAL DESCRIPTION
Extent 35 p.
650 #0 - SUBJECT ADDED ENTRY--TOPICAL TERM
Topical term or geographic name as entry element Information sources.
-- 0000159640
908 ## - PUT COMMAND PARAMETER (RLIN)
Put command parameter 070402
950 ## - LOCAL HOLDINGS (RLIN)
-- 1
Holdings
Withdrawn status Lost status Source of classification or shelving scheme Not for loan Home library Current library Date acquired Total Checkouts Full call number Barcode Date last seen Price effective from Koha item type
    Library of Congress Classification   Kabarak, Main Campus Kabarak, Main Campus 17/12/2015   ZA3060 .A26 c. 2 001953 17/12/2015 17/12/2015 General Collection
    Library of Congress Classification   Kabarak, Main Campus Kabarak, Main Campus 17/12/2015   ZA3060 .A26 c. 3 010406 17/12/2015 17/12/2015 General Collection
    Library of Congress Classification   Kabarak, Main Campus Kabarak, Main Campus 17/12/2015   ZA3060 .A26 c. 1 004006 17/12/2015 17/12/2015 Africana Collection
    Library of Congress Classification   Kabarak, Nakuru City Campus Kabarak, Nakuru City Campus 21/10/2015   ZA3060 .A26 c. 1 005727 21/10/2015 21/10/2015 General Collection
    Library of Congress Classification   Kabarak, Nakuru City Campus Kabarak, Nakuru City Campus 21/10/2015   ZA3060 .A26 c. 2 005728 21/10/2015 21/10/2015 General Collection